000 00726nab a2200193 4500
001 244442
003 OSt
005 20240409133244.0
007 tu
008 200917s2020|||||||
040 _aDE-2950
_cDE-2950
245 0 0 _a"Wir müssen aktuelle Chancen nutzen"
_bInterview Frankfurt (Oder) und Tesla - was ist aus dem Wunsch geworden, von der Gigafactory zu profitieren? Warum sich Dietmar Woidke bei dem Thema für Frankfurt freut und wie er die Wirtschaft einschätzt/
_cThomas Gutke, Lisa Larossa
264 _c2024
653 _aFrankfurt (Oder)
653 _aDietmar Woidke
653 _aInterview
773 0 _g35. Jahrgang (2024) Nr. 77 vom 02.04.2024, S. 16 mit Foto
_tMärkische Oderzeitung
942 _2z
_cA
999 _c373058
_d373058